000
00331 a2200109 4500
001
ART_11394
005
20260410161857.0
008
260409a
245
1
0
_a
Desempleo, Inversión y Reforma de Leyes Laborales
100
1
_a
Ferro, Gustavo
773
0
_t
Revista de Economía
_g
- Nº 77 (abr./jun. 1995)
_w
REV11077
999
_c
25531
_d
25531